Faktory, úrovne a prvky podnikovej kultúry podporujúce dynamický rozvoj podniku bakalárska práca

Guardado en:
Detalles Bibliográficos
Autor principal: Ščerbová, Martina
Autor Corporativo: Podnikovohospodárska fakulta EU so sídlom v Košiciach. Katedra manažmentu
Otros Autores: Halagová, Lýdia
Formato: Libro
Lenguaje:eslovaco
Publicado: Košice 2011
Etiquetas: Agregar Etiqueta
Sin Etiquetas, Sea el primero en etiquetar este registro!

MARC

LEADER 00000nbm a2200000 4500
001 0139510
005 20161109111625.8
041 0 |a slo 
044 |a SK 
245 1 0 |a Faktory, úrovne a prvky podnikovej kultúry podporujúce dynamický rozvoj podniku  |b bakalárska práca  |c Martina Ščerbová ; školiteľ: Lýdia Halagová 
264 1 |a Košice  |c 2011 
300 |a 48 s. 
100 1 |a Ščerbová, Martina 
700 1 |a Halagová, Lýdia 
710 2 |a Podnikovohospodárska fakulta EU so sídlom v Košiciach. Katedra manažmentu